|
|
|
|
| LEADER |
00000nas a2200000 a 4500 |
| 001 |
ssj0012472 |
| 003 |
WaSeSS |
| 005 |
20200512172242.0 |
| 006 |
m d |
| 007 |
cr n |
| 008 |
010715c19899999nyubr pss 0 a0eng c |
| 010 |
|
|
|a 2008201928
|
| 016 |
|
|
|a 000024301007
|2 AU
|
| 022 |
|
|
|a 1943-2755
|l 0899-9546
|y 0899-9546
|
| 035 |
|
|
|a (WaSeSS)ssj0012472
|
| 037 |
|
|
|b Guilford Publications, Inc., 72 Spring Street, New York, NY 10012
|
| 040 |
|
|
|a F#A
|b eng
|c F#A
|d OCLCQ
|d MUQ
|d SBH
|d DLC
|d OCLCQ
|d OCLCO
|d OCLCQ
|d OCLCF
|d OCLCO
|d OCLCQ
|d OCLCO
|d OCLCQ
|d BUF
|d AU@
|d OCLCO
|d WYU
|d VT2
|d U3W
|d WaSeSS
|
| 042 |
|
|
|a pcc
|a nsdp
|
| 050 |
1 |
4 |
|a RA643.75
|
| 060 |
0 |
0 |
|a W1
|b AI696CHN
|
| 082 |
1 |
0 |
|a 614
|2 14
|
| 130 |
0 |
|
|a AIDS education and prevention (Online)
|
| 210 |
0 |
|
|a AIDS educ. prev.
|b (Online)
|
| 222 |
|
0 |
|a AIDS education and prevention
|b (Online)
|
| 245 |
1 |
0 |
|a AIDS education and prevention
|h [electronic resource].
|
| 260 |
|
|
|a [New York, N.Y.] :
|b Guilford Publications
|
| 310 |
|
|
|a Bimonthly
|
| 362 |
1 |
|
|a Print began with vol. 1, no. 1 (spring 1989).
|
| 506 |
|
|
|a License restrictions may limit access.
|
| 538 |
|
|
|a Mode of access: World Wide Web.
|
| 588 |
|
|
|a Description based on: Vol. 13, no. 1 (2001); title from journal information screen (viewed July 13, 2001).
|
| 650 |
|
0 |
|a AIDS (Disease)
|x Prevention
|v Periodicals.
|
| 650 |
|
0 |
|a Health education
|v Periodicals.
|
| 650 |
|
6 |
|a Sida
|x Prévention
|v Périodiques.
|
| 650 |
|
6 |
|a Éducation sanitaire
|v Périodiques.
|
| 650 |
|
7 |
|a AIDS (Disease)
|x Prevention.
|2 fast
|0 (OCoLC)fst00793908
|
| 650 |
|
7 |
|a Health education.
|2 fast
|0 (OCoLC)fst00952878
|
| 650 |
|
2 |
|a Acquired Immunodeficiency Syndrome
|v Periodicals.
|
| 650 |
|
2 |
|a Acquired Immunodeficience Syndrome
|x prevention & control
|v Periodicals.
|
| 655 |
|
0 |
|a Electronic journals.
|
| 776 |
1 |
|
|t AIDS education and prevention
|x 0899-9546
|w (DLC) 89646709
|w (OCoLC)18277211
|
| 856 |
4 |
0 |
|z Full text available from Research Library: 08/01/1998 to 12/31/2017
|u https://search.proquest.com/publication/32604
|